Bhanday Saray Mitti Day \ (Record no. 526115)
[ view plain ]
| 000 -LEADER | |
|---|---|
| fixed length control field | 00528nam a22001817a 4500 |
| 003 - CONTROL NUMBER IDENTIFIER | |
| control field | NUST |
| 020 ## - INTERNATIONAL STANDARD BOOK NUMBER | |
| International Standard Book Number | - |
| 038 ## - RECORD CONTENT LICENSOR | |
| Staff Name | Zafar Malik |
| 082 ## - DEWEY DECIMAL CLASSIFICATION NUMBER | |
| Classification number | 891.421 |
| Author Mark | DIL |
| 100 ## - MAIN ENTRY--PERSONAL NAME | |
| Personal name | Dilawar, Father Simson Prof. |
| 9 (RLIN) | 17077 |
| 245 ## - TITLE STATEMENT | |
| Title | Bhanday Saray Mitti Day \ |
| Statement of responsibility, etc. | Prof. Father Simson Dilawar |
| 260 ## - PUBLICATION, DISTRIBUTION, ETC. | |
| Place of publication, distribution, etc. | Lahore : |
| Name of publisher, distributor, etc. | Fiction House ; |
| Date of publication, distribution, etc. | 2010. |
| 300 ## - PHYSICAL DESCRIPTION | |
| Extent | 126 p. ; |
| 500 ## - GENERAL NOTE | |
| General note | Hardcover |
| 880 ## - ALTERNATE GRAPHIC REPRESENTATION | |
| Linkage | 100-02\r |
| Title | پروفیسر فادر سیمسن دلاور |
| 880 ## - ALTERNATE GRAPHIC REPRESENTATION | |
| Linkage | 245-02\r |
| Title | بھانڈے سارے مٹی دے |
| 942 ## - ADDED ENTRY ELEMENTS (KOHA) | |
| Source of classification or shelving scheme | |
| Koha item type | Book |
| Withdrawn status | Lost status | Source of classification or shelving scheme | Damaged status | Not for loan | Permanent Location | Current Location | Shelving location | Date acquired | Total Checkouts | Full call number | Barcode | Date last seen | Price effective from | Koha item type |
|---|---|---|---|---|---|---|---|---|---|---|---|---|---|---|
| Central Library (CL) | Central Library (CL) | Punjabi Literature | 07/08/2019 | 891.421 DIL | CL-E-281 | 07/08/2019 | 07/08/2019 | Book |
